La filosofía de la historia y el problema de los valores
Na minha lista:
| Autor principal: | |
|---|---|
| Formato: | Livro |
| Idioma: | espanhol |
| Publicado em: |
Buenos Aires
Eudeba
1963
|
| Assuntos: | |
| Tags: |
Adicionar Tag
Sem tags, seja o primeiro a adicionar uma tag!
|
MARC
| LEADER | 00000nam a2200000 a 4500 | ||
|---|---|---|---|
| 001 | UCP8557 | ||
| 003 | CL-VaPUC | ||
| 008 | 000303e19630000AG |||||||||||||||||spa|d | ||
| 082 | 0 | 4 | |a 901 |b STE |2 21 |
| 100 | 0 | |a Stern, Alfred |e author |9 438595 | |
| 245 | 1 | 3 | |a La filosofía de la historia y el problema de los valores |
| 300 | |a 296 p | ||
| 942 | |c BK | ||
| 945 | |d 20000303 00:00:00 |a rherrera | ||
| 260 | |a Buenos Aires |b Eudeba |c 1963 | ||
| 650 | 0 | |a Filosofía de la historia |9 265651 | |
| 650 | 0 | |a Historicismo |9 318908 | |
| 650 | 0 | |a Valores |9 309628 | |
| 650 | 0 | |a Ideologías |9 255200 | |
| 650 | 7 | |a LUCHAS |2 CL-VaPUC |9 438596 | |
| 583 | |a last modification |c 20000303 00:00:00 |k Rodrigo Vera | ||
| 999 | |c 285449 |d 285447 | ||
| 952 | |0 0 |1 0 |4 0 |6 901_000000000000000_STE_1963 |7 0 |8 A |9 330082 |a BIBHIS |b BIBHIS |d 2019-11-20 |i 1392638 |l 1 |o 901 STE 1963 |p 1392638 |r 2025-01-20 |s 2024-04-11 |w 2019-11-20 |y BK |k HIS | ||